Catálogo

PSICOLOGIA EDUCACIONAL (Registro nro. 32219)

Detalles MARC
000 -LEADER
fixed length control field 00361nam a2200145 a 4500
001 - CONTROL NUMBER
control field 32219
005 - DATE AND TIME OF LATEST TRANSACTION
control field 20180713235756.0
008 - FIXED-LENGTH DATA ELEMENTS--GENERAL INFORMATION
fixed length control field 140415s1980 mx 000 0 spa d
041 ## - LANGUAGE CODE
Language code of text/sound track or separate title spa
082 ## - DEWEY DECIMAL CLASSIFICATION NUMBER
Classification number 370.15
Item number KELL
245 00 - TITLE STATEMENT
Title PSICOLOGIA EDUCACIONAL
250 ## - EDITION STATEMENT
Edition statement 1a ed.
260 ## - PUBLICATION, DISTRIBUTION, ETC.
Place of publication, distribution, etc. MEXICO :
Name of publisher, distributor, etc. PAIDOS,
Date of publication, distribution, etc. 1980
300 ## - PHYSICAL DESCRIPTION
Extent 347
Dimensions 16 x 16 x 23
Existencias
Withdrawn status Lost status Source of classification or shelving scheme Damaged status Not for loan Collection code Home library Current library Shelving location Date acquired Source of acquisition Total Checkouts Full call number Barcode Date last seen Price effective from Koha item type
    Dewey Decimal Classification     General Tehuacán Tehuacán Sala general 03/12/2013 Compra   370.15 KELL 507091 19/11/2025 03/12/2013 Libro